000 00760nam a2200241 4500
001 000503
003 DO-SdBNP
005 20171113115029.0
007 000503
008 160915b 2006 ck a ||||| |||| 00| 0 spa d
020 _a9974795532
040 _aBPMSU
_bspa
_cBPMSU
082 4 _a808.882
_bC581
245 0 0 _aCitas y frases célebres /
_crecopilación y redacción, Roberto Martín Flores.
246 _aCitas y frases célebres de todos los tiempos.
260 _aMontevideo :
_bArquetipo Grupo Editorial,
_c2006.
300 _a360 p. :
_bil. ;
_c29 cm
650 4 _aCITAS ESPAÑOLAS
700 1 _aMartín Flores, Roberto
910 _aValidado. Control de calidad MFF
942 _2ddc
_cBK
956 _2LOPEREZ
_310
_620160915
_8BPMSU
_a00041
999 _c11404
_d11404